90 miles from home : the face of Cuba today

Αποθηκεύτηκε σε:
Λεπτομέρειες βιβλιογραφικής εγγραφής
Κύριος συγγραφέας: Miller, Waren, 1921-1966
Μορφή: Βιβλίο
Γλώσσα:English
Δημοσίευση: Boston : Little Brown, 1961.
Θέματα:
Ετικέτες: Προσθήκη ετικέτας
Δεν υπάρχουν, Καταχωρήστε ετικέτα πρώτοι!

MARC

LEADER 00000cam a2200000 a 4500
001 1/110076
008 160226s1961####mau|||||||||||||| ||eng||
040 |a GR-MyUa  |b gre  |c GR-MyUa  |e AACR2 
041 0 |a eng 
082 7 |a 917.291   |2 (23)  
100 1 |a Miller, Waren,   |d 1921-1966. 
245 1 0 |a 90 miles from home :   |b the face of Cuba today /   |c Warren Miller.  
260 |a Boston :   |b Little Brown,   |c 1961.  
300 |a 279 σ. ;   |c 20 εκ.  
651 0 |a Cuba  |x Politics and government  |y 1959-1990. 
651 0 |a Cuba  |x Description and travel. 
651 0 |a Cuba  |x Social life and customs. 
852 |a INST  |b LESVOS  |e 20160226  |h 917.291 MIL  |p 005100057317  |q 005100057317  |t BK  |y 0 
970 |a Καμάτσου  |b Δέσποινα  |z 26-02-2016